000 00559nam a2200193Ia 4500
003 GCL
008 140319s9999 xx 000 0 ara d
040 _aGCL /
_cGCL
082 0 4 _a822.008
_bش هـ
100 1 _aخليل مطران
245 1 0 _aهاملت /
_cخليل مطران
700 1 _aشكسبير، ويليام
260 _a[S.N] :
_bدار نظير عبود ،
_c1989
300 _a140 ص
490 _aوليم شكسبير
_v0
650 0 4 _aالادب الانجليزى
650 0 4 _aالمسرح الانجليزى
942 _2ddc
_cBK
999 _c56657
_d56657